00750 2200241 4500001002100000005001700021008004100038035002400079082001200103090002300115100002000138245011800158260002900276300003600305500005500341500003000396650002100426850001600447980001500463985000600478986000900484999001500493YOGYA-0209000004463720090227030435.0 ind  0010-020900000044637 a291.574 a291.574bSul SlSK aSULASTRININGSIH aStudi kasus konversi agama di desa Ngargosari Kecamatan Samigaluh Kabupaten Kulon Progo DIYcoleh Sulastriningsih aYogyakartab[s.n.]c1996 ax, 95, [19] lembarbilusc30 cm aSkripsi Fak. Dakwah IAIN Sunan Kalijaga Yogyakarta aBibliografi : lembar [96] aKonversi - Islam aYOPDYOG [B] a07-01-2008 a1 aRuni a07A0028046